|
|
|
|
| LEADER |
00000nam a2200000 a 4500 |
| 001 |
vtls001268810 |
| 003 |
SK-MaSNL |
| 005 |
20260301234613.0 |
| 008 |
240318s1983 xr 0 und |
| 035 |
|
|
|a SNK000219833
|
| 040 |
|
|
|a SNK
|b slo
|c SNK
|e AACR2
|
| 044 |
|
|
|a xr
|c CZ
|
| 100 |
1 |
|
|a Dorovský, Ivan,
|d 1935-2021
|4 aut
|9 214409
|
| 245 |
1 |
0 |
|a Konstantin Jireček život a dílo
|
| 260 |
|
|
|a Brno
|b Univerzita J.E.Purkyně
|c 1983
|
| 300 |
|
|
|a 230 s.
|
| 958 |
|
|
|a OND
|
| 999 |
|
|
|c 970939
|d 972869
|
| 952 |
|
|
|t P60, <04>, [BOOK], {604}
|a SNK
|b SNK
|y VYP
|7 0
|p 17A0024918
|o snkIC 91949
|0 0
|1 0
|4 0
|d 1996-12-03
|l 0
|r 2005-01-01 00:00:00
|w 2026-02-24
|